Statistiques concernant les méchant(e)s dans pokémon

Cliquez ici pour prendre le quiz!

Statistiques générales

  • Ce quiz a été pris 101 fois
  • Le résultat moyen est 18 sur 43

Statistiques - réponses

Réponse% Correct
G1le big boss rocketgiovanni
99%
G5"le roi"N
85%
G4boss galaxiehelio
81%
G3boss magmamax
77%
G4admin galaxiemars
76%
G5boss plasmaghetis
75%
G6boss flarelysandre
75%
G4admin galaxiesaturne
75%
G3boss aquaarthur
73%
G4admin galaxiejupiter
73%
G7chef skullguzma
71%
G7boss aetherelsa-mina
68%
G4scientifique galaxiepluton
65%
G7skull mais pas tropgladio
57%
G6membre et conseil 4malva
52%
G7admin skullapocyne
47%
G3admin aquasarah
43%
G5les "ninjas"trio des ombres
41%
G2admin rocketlance
40%
G3admin magmacourtney
35%
G3admin magmakelvin
33%
G3admin aquamatthieu
33%
G2admin rocketamos
32%
G2admin rocketlambda
32%
G7scientifique aethersaubohne
32%
G6chef scientifiquexanthin
29%
G2admin rocketariane
28%
G5sagecarmine
27%
G6scientifiquemyosotis
25%
G7gentille sous-directricevicky
25%
G6scientifiqueancolie
23%
G6scientifiquecyane
23%
G5sagelilien
23%
G6scientifiquebrasénie
21%
G7ultra-commandozoé
20%
G7ultra-commandorhody
17%
G5sageazuro
16%
G5sageglaucus
16%
G7ultra-commandosolie
16%
G5sagealezan
15%
G5sageauric
13%
G7ultra-commandocym
13%
G6post-ligueelili
12%

Distribution des résultats

Percentile par nombre de réponses

% des personnes avec chaque résultat

Votre développement - résultats

Vous n’avez pas pris ce quiz